Japan's development cooperation in Vietnam : supporting broad-based growth with poverty reduction /
Saved in:
| Corporate Author: | |
|---|---|
| Format: | Book |
| Language: | English |
| Published: |
Tokyo :
National Graduate Institute for Policy Studies (GRPS),
2002.
|
| Subjects: | |
| Tags: |
Add Tag
No Tags, Be the first to tag this record!
|
| LEADER | 01068cam a2200265Ia 4500 | ||
|---|---|---|---|
| 001 | 010010649-8 | ||
| 005 | 20100512122829.0 | ||
| 008 | 030502s2002 ja bd b 000 0 eng d | ||
| 035 | 0 | |a ocm56420584 | |
| 040 | |a YUS |c YUS |d AZS | ||
| 043 | |a a-vt--- | ||
| 050 | 4 | |a HC444.Z9 |b P63 2002 | |
| 245 | 0 | 0 | |a Japan's development cooperation in Vietnam : |b supporting broad-based growth with poverty reduction / |c GRIPS Development Forum. |
| 246 | 1 | 4 | |a Nihon no tai Vietonamu kaihatsu kyōryoku : |b hikon sakugen o tomonau kōhan na seicho e no shien |
| 260 | |a Tokyo : |b National Graduate Institute for Policy Studies (GRPS), |c 2002. | ||
| 300 | |a 31 p. : |b col. charts, col. maps ; |c 30 cm. | ||
| 504 | |a Includes bibliographical references (p. 30-31). | ||
| 650 | 0 | |a Economic assistance, Japanese |z Vietnam. | |
| 650 | 0 | |a Economic development projects |z Vietnam. | |
| 651 | 0 | |a Vietnam |x Economic conditions |y 1975- | |
| 650 | 0 | |a Poverty |x Government policy |z Vietnam. | |
| 710 | 2 | |a Seisaku Kenkyū Daigakuin Daigaku. |b Kaihatsu Fūramu. | |
| 988 | |a 20060711 | ||
| 049 | |a HLSS | ||
| 906 | |0 OCLC | ||


